000 00455nam a2200181Ia 4500
001 13591
005 20260306164812.0
008 260306t2002||||xx |||||||||||||| ||spa||
041 _aESP
082 _a005.1
_bP85 2002
100 _aPressman Roger S.
_eAUT
245 0 _aIngeniería del software:
_bun enfoque práctico
260 _c2002
300 _axxxvii, 601 páginas :
_c27 cm.
650 _aGEN
654 _aCCC
942 _cLIB
_dJUS
_fJUS
_2ddc
_n
999 _c13591
_d13591